| 000 | 02449cam a2200397 i 4500 | ||
|---|---|---|---|
| 001 | 18034610 | ||
| 003 | OSt | ||
| 005 | 20240530110629.0 | ||
| 008 | 140207s2013 ua a e b 001 0 eng | ||
| 010 | _a 2013444279 | ||
| 020 | _a9789774166372 | ||
| 020 | _a977416637X | ||
| 040 |
_aDLC _beng _cDLC _erda _dDLC |
||
| 042 | _apcc | ||
| 082 | 0 | 4 |
_221 _a932 _bCC/H D |
| 100 | 1 | _aHawass, Zahi A. | |
| 245 | 1 | 0 |
_aDiscovering Tutankhamun : _bfrom Howard Carter to DNA / Zahi Hawass. |
| 264 | 1 |
_aCairo ; _aNew York : _bThe American University in Cairo Press, _c2013. |
|
| 300 |
_a264 pages : _billustrations (chiefly color) ; _c29 cm |
||
| 336 |
_atext _btxt _2rdacontent |
||
| 336 |
_astill image _btxt _2rdacontent |
||
| 337 |
_aunmediated _bn _2rdamedia |
||
| 338 |
_avolume _bnc _2rdacarrier |
||
| 504 | _aIncludes bibliographical references (pages 254-258) and index. | ||
| 505 | 0 | _aThe golden age of Egypt: Dynasty 18 -- Religion and life after death -- Robbers in the Valley of the Kings -- The tomb and its treasures -- Tutankhamun's mummy -- The discovery of the family of Tutankhamun -- The Valley of the Kings and finds after the discovery of Tutankhamun -- The curse of Tutankhamun -- Tutmania -- Conclusion. | |
| 520 | _aPenned by a scholar who was personally involved in research into the enigmatic young pharaoh, this comprehensive and fully illustrated new study reviews the current state of our knowledge about the life, death, and burial of Tutankhamun in light of the latest investigations and newest technology. Zahi Hawass places the king in the broader context of Egyptian history, unravelling the intricate and much debated relationship between various members of the royal family, and the circumstances surrounding the turbulent Amarna period. | ||
| 600 | 0 | 0 |
_aTutankhamen, _cKing of Egypt. |
| 651 | 0 |
_aEgypt _xCivilization _yTo 332 B.C. |
|
| 651 | 0 |
_aEgypt _xAntiquities. |
|
| 856 | 4 | 2 |
_3Publisher description _uhttp://www.loc.gov/catdir/enhancements/fy1407/2013444279-d.html |
| 856 | 4 | 1 |
_3Table of contents only _uhttp://www.loc.gov/catdir/enhancements/fy1407/2013444279-t.html |
| 856 | 4 | 2 |
_3Contributor biographical information _uhttp://www.loc.gov/catdir/enhancements/fy1407/2013444279-b.html |
| 906 |
_a7 _bcbc _corigres _d2 _encip _f20 _gy-gencatlg |
||
| 942 |
_2ddc _cBK |
||
| 999 |
_c63225 _d63225 |
||